000 01277cab a22002295a 4500
001 L146700
008 090218e20090214xxka f g 000 0 eng d
035 _a(Sirsi) u146700
041 0 _aeng
100 1 _aGoodwin, Oliver
245 0 4 _aThe government has its hands full
260 _c2009
490 _aEstates Gazette
_v(0906) 14 February 2009, 92-93(2)
520 _aArticle on the Planning Act 2008 looks specifically at the Community Infrastructure Levy (CIL) and looks at the choice made available to local authorities to choose between this and existing S106 agreements. The authors also discuss the new Infrastructure Planning Commission (IPC) and consultations on the forthcoming set of national policy statements on planning. Their commentary suggests that the introduction of the CIL and the IPC will introduce more timely and predictable decisions on strategic planning matters, although environmentalists may claim that this new found speed is at the expense of reasoned debate.
590 _aKA
650 2 4 _aPLANNING ACT 2008
650 2 4 _aTOWN AND COUNTRY PLANNING ACT 1990 S106
651 4 _aEngland and Wales
_y1543-
690 _aENVIRONMENTAL AND LAND CONSULTANCY-PLANNING AND DEVELOPMENT-PLANNING GUIDANCE
700 1 _aBale, Jade
942 _n0
999 _c81253
_d81253